000 00443cam a2200157 a 4500
020 _a0380762285 :
_c$12.50 ($15.00 Can.)
050 0 0 _aRJ61
_b.M66 1992
100 1 _aMinear, Ralph E.
245 1 0 _aKids' symptoms :
_bfrom birth to teens /
_cRalph E. Minear.
260 _aNew York :
_bAvon Books,
_cc1992.
300 _axiii, 335 p. ;
500 _aIncludes index.
650 0 _xPopular works.
650 0 _xPopular works.
942 _2lcc
_cGEN
999 _c15261
_d15261